000 01641nam a2200349 a 4500
001 000047493
003 DO-SdBNP
005 20240305124236.0
007 ta
008 150602s2017 dr r 000 0 spa d
020 _a9789945590593
040 _aDO-SdBNP
_bspa
_cBNPHU
082 4 _222
245 0 0 _aNueve voces contando hasta diez :
_bantología de cuentos premiados /
_cJohanna Díaz López...[et al.].
260 _aSanto Domingo :
_bFUNGLODE,
_c2017.
300 _a133 p. ;
_c24 cm.
490 1 _aPremios FUNGLODE/ GFDD ;
_aCuentos ;
500 _a10m. aniversario de premios FUNGLODE
505 0 _gPreámbulo --
_g2007 --
_tSilverio de tal --
_rJohanna Díaz López / --
_g2008 --
_tMenú para dos --
_rGerhard Viktor Schmidt Haberl /
_g2009 --
_tLa casa solariega --
_rJuan Freddy Armando /
_g2010 --
_tEl intercambio --
_rFanny Vargas Bautista /
_g2011 --
_tEl muñeco de trapos --
_rNan Chevalier /
_g2012 --
_tLa verdadera muerte de Pedro Henríquez Ureña --
_rFernando Berroa /
_g2013 --
_tEl calié --
_rFélix Gerónimo /
_g2014 --
_tCon la misma moneda --
_rVladimir Tatis Pérez /
_g2015 --
_tEl síndrome de Heinz --
_rLeo Silverio /
590 _aInventariado, 2018/ YL
700 1 _aDíaz López, Johanna
_975119
700 1 _aSchmidt Haberl, Gerhard Viktor
_975120
700 1 _aArmando, Juan Freddy
_924389
700 1 _aVargas Bautista, Fanny
_975121
700 1 _aChevalier, Nan,
_d1965-
_9350
700 1 _aBerroa, Fernando
_943136
700 1 _aGerónimo, Félix
_969852
700 1 _aTatis Pérez, Vladimir
_974011
700 1 _aSilverio, Leo
_975122
830 0 _aPremios FUNGLODE/ GFDD
_gCuentos
_975123
942 _2ddc
_cLBS1
999 _c46981
_d46981